01015nam a2200265 a 450000100100000000500170001000800410002702000150006804000250008308200260010810000220013424501350015625000120029126000530030330000260035649000160038265000460039865000450044465000450048970000340053483000250056804900090059395201300060299900170073200002332020200930022134.0101202s1996 mx r 000 0 spa d a9681603273 aDO-SdBNPbspacBNPHU a913.7281bV986a, 19961 aVuh, Popol94802710aPopol Vuh :bLas antiguas historias del Quiché /ctraducidas del texto original con introducción y notas por Adrían Recinos. a26a ed. aMéxico :bFondo de Cultura Económica,c1996. a185, [5] p. ;c17 cm.1 aPopularv11 4aIndígenas de guatemalaxLeyendas948028 4aQuichesxReligión y mitología948029 4aMitología indígenaxGuatemala9480301 aRecinos, Adríanetr.939182 0aPopular ;v11913374 aBNGR 001054708MOaGRbGRcCTd2010-12-02iLF1l0o913.7281 V986a, 1996p23320-10r2020-06-25w2020-06-25y4ZPréstamo en sala c22817d22817